<?xml version="1.0" encoding="UTF-8"?>
<record
    xmlns:xsi="http://www.w3.org/2001/XMLSchema-instance"
    xsi:schemaLocation="http://www.loc.gov/MARC21/slim http://www.loc.gov/standards/marcxml/schema/MARC21slim.xsd"
    xmlns="http://www.loc.gov/MARC21/slim">

  <leader>01852nam2a22003251  4500</leader>
  <controlfield tag="001">v19\rc\2030032</controlfield>
  <controlfield tag="005">20251118181528.8</controlfield>
  <datafield tag="035" ind1=" " ind2=" ">
    <subfield code="a">(NLR Aleph) 005110032</subfield>
  </datafield>
  <datafield tag="090" ind1=" " ind2=" ">
    <subfield code="a">7483371</subfield>
    <subfield code="c">7483371</subfield>
  </datafield>
  <datafield tag="100" ind1=" " ind2=" ">
    <subfield code="a">20251123              rusy50        </subfield>
  </datafield>
  <datafield tag="101" ind1="0" ind2=" ">
    <subfield code="a">rus</subfield>
  </datafield>
  <datafield tag="102" ind1=" " ind2=" ">
    <subfield code="a">RU</subfield>
  </datafield>
  <datafield tag="105" ind1=" " ind2=" ">
    <subfield code="a">a   z   |||||</subfield>
  </datafield>
  <datafield tag="200" ind1="1" ind2=" ">
    <subfield code="a">&#x41F;&#x440;&#x44F;&#x43C;&#x43E;&#x43A;&#x440;&#x44B;&#x43B;&#x44B;&#x435;, &#x441;&#x43E;&#x431;&#x440;&#x430;&#x43D;&#x43D;&#x44B;&#x435; &#x41F;.&#x412;. &#x41D;&#x435;&#x441;&#x442;&#x435;&#x440;&#x43E;&#x432;&#x44B;&#x43C; &#x432;&#x43E; &#x432;&#x440;&#x435;&#x43C;&#x44F; &#x43F;&#x443;&#x442;&#x435;&#x448;&#x435;&#x441;&#x442;&#x432;&#x438;&#x44F; &#x432;&#x434;&#x43E;&#x43B;&#x44C; &#x43F;&#x435;&#x440;&#x441;&#x438;&#x434;&#x441;&#x43A;&#x43E;-&#x442;&#x443;&#x440;&#x435;&#x446;&#x43A;&#x43E;&#x439; &#x433;&#x440;&#x430;&#x43D;&#x438;&#x446;&#x44B;</subfield>
  </datafield>
  <datafield tag="210" ind1=" " ind2=" ">
    <subfield code="d">1916</subfield>
  </datafield>
  <datafield tag="215" ind1=" " ind2=" ">
    <subfield code="a">14 &#x441;., 9 &#x438;&#x43B;.</subfield>
  </datafield>
  <datafield tag="311" ind1=" " ind2=" ">
    <subfield code="a">&#x41F;&#x435;&#x440;&#x435;&#x43F;&#x435;&#x447;. &#x438;&#x437; 10 &#x442;. "&#x418;&#x437;&#x432;. &#x41A;&#x430;&#x432;&#x43A;. &#x43C;&#x443;&#x437;&#x435;&#x44F;"</subfield>
  </datafield>
  <datafield tag="461" ind1=" " ind2="0">
    <subfield code="1">001v19\rc\2030031</subfield>
    <subfield code="1">2001#$a&#x41C;&#x430;&#x442;&#x435;&#x440;&#x438;&#x430;&#x43B;&#x44B; &#x43A; &#x43F;&#x43E;&#x437;&#x43D;&#x430;&#x43D;&#x438;&#x44E; &#x43F;&#x440;&#x44F;&#x43C;&#x43E;&#x43A;&#x440;&#x44B;&#x43B;&#x44B;&#x445; &#x41A;&#x430;&#x432;&#x43A;&#x430;&#x437;&#x430; &#x438; &#x441;&#x43E;&#x43F;&#x440;&#x435;&#x434;&#x435;&#x43B;&#x44C;&#x43D;&#x44B;&#x445; &#x441;&#x442;&#x440;&#x430;&#x43D;$e1-$f&#x411;.&#x41F;. &#x423;&#x432;&#x430;&#x440;&#x43E;&#x432;$v1</subfield>
    <subfield code="1">700#1$a&#x423;&#x432;&#x430;&#x440;&#x43E;&#x432;$b&#x411;. &#x41F;.$f1888-1970$g&#x411;&#x43E;&#x440;&#x438;&#x441; &#x41F;&#x435;&#x442;&#x440;&#x43E;&#x432;&#x438;&#x447;$3RU\NLR\AUTH\770249194$4070</subfield>
    <subfield code="9">7483364</subfield>
    <subfield code="a">&#x423;&#x432;&#x430;&#x440;&#x43E;&#x432;, &#x411;. &#x41F;. (1888-1970)</subfield>
    <subfield code="c">&#x422;&#x438;&#x444;&#x43B;&#x438;&#x441;</subfield>
    <subfield code="d">1916</subfield>
    <subfield code="f">&#x411;.&#x41F;. &#x423;&#x432;&#x430;&#x440;&#x43E;&#x432;</subfield>
    <subfield code="n">&#x442;&#x438;&#x43F;. &#x41A;&#x430;&#x43D;&#x446;. &#x43D;&#x430;&#x43C;. &#x435;. &#x438;. &#x432;. &#x43D;&#x430; &#x41A;&#x430;&#x432;&#x43A;&#x430;&#x437;&#x435;</subfield>
    <subfield code="o">1-</subfield>
    <subfield code="t">&#x41C;&#x430;&#x442;&#x435;&#x440;&#x438;&#x430;&#x43B;&#x44B; &#x43A; &#x43F;&#x43E;&#x437;&#x43D;&#x430;&#x43D;&#x438;&#x44E; &#x43F;&#x440;&#x44F;&#x43C;&#x43E;&#x43A;&#x440;&#x44B;&#x43B;&#x44B;&#x445; &#x41A;&#x430;&#x432;&#x43A;&#x430;&#x437;&#x430; &#x438; &#x441;&#x43E;&#x43F;&#x440;&#x435;&#x434;&#x435;&#x43B;&#x44C;&#x43D;&#x44B;&#x445; &#x441;&#x442;&#x440;&#x430;&#x43D;</subfield>
    <subfield code="v">1</subfield>
  </datafield>
  <datafield tag="488" ind1=" " ind2="0">
    <subfield code="1">2001#$a&#x418;&#x437;&#x432;&#x435;&#x441;&#x442;&#x438;&#x44F; &#x41A;&#x430;&#x432;&#x43A;&#x430;&#x437;&#x441;&#x43A;&#x43E;&#x433;&#x43E; &#x43C;&#x443;&#x437;&#x435;&#x44F;$v&#x422;. 10</subfield>
    <subfield code="t">&#x418;&#x437;&#x432;&#x435;&#x441;&#x442;&#x438;&#x44F; &#x41A;&#x430;&#x432;&#x43A;&#x430;&#x437;&#x441;&#x43A;&#x43E;&#x433;&#x43E; &#x43C;&#x443;&#x437;&#x435;&#x44F;</subfield>
  </datafield>
  <datafield tag="532" ind1="1" ind2="0">
    <subfield code="a">&#x41F;&#x440;&#x44F;&#x43C;&#x43E;&#x43A;&#x440;&#x44B;&#x43B;&#x44B;&#x435;, &#x441;&#x43E;&#x431;&#x440;&#x430;&#x43D;&#x43D;&#x44B;&#x435; &#x41F;&#x430;&#x432;&#x43B;&#x43E;&#x43C; &#x412;&#x43B;&#x430;&#x434;&#x438;&#x43C;&#x438;&#x440;&#x43E;&#x432;&#x438;&#x447;&#x435;&#x43C; &#x41D;&#x435;&#x441;&#x442;&#x435;&#x440;&#x43E;&#x432;&#x44B;&#x43C; &#x432;&#x43E; &#x432;&#x440;&#x435;&#x43C;&#x44F; &#x43F;&#x443;&#x442;&#x435;&#x448;&#x435;&#x441;&#x442;&#x432;&#x438;&#x44F; &#x432;&#x434;&#x43E;&#x43B;&#x44C; &#x43F;&#x435;&#x440;&#x441;&#x438;&#x434;&#x441;&#x43A;&#x43E;-&#x442;&#x443;&#x440;&#x435;&#x446;&#x43A;&#x43E;&#x439; &#x433;&#x440;&#x430;&#x43D;&#x438;&#x446;&#x44B;</subfield>
  </datafield>
  <datafield tag="702" ind1=" " ind2="1">
    <subfield code="a">&#x41D;&#x435;&#x441;&#x442;&#x435;&#x440;&#x43E;&#x432;</subfield>
    <subfield code="b">&#x41F;.&#x412;.</subfield>
    <subfield code="g">&#x41F;&#x435;&#x442;&#x440; &#x412;&#x43B;&#x430;&#x434;&#x438;&#x43C;&#x438;&#x440;&#x43E;&#x432;&#x438;&#x447;</subfield>
    <subfield code="4">570</subfield>
  </datafield>
  <datafield tag="801" ind1=" " ind2="0">
    <subfield code="a">RU</subfield>
    <subfield code="b">NLR</subfield>
    <subfield code="g">psbo</subfield>
  </datafield>
  <datafield tag="801" ind1=" " ind2="0">
    <subfield code="a">RU</subfield>
    <subfield code="b">RuMoRGB</subfield>
    <subfield code="2">psbo</subfield>
  </datafield>
  <datafield tag="801" ind1=" " ind2="1">
    <subfield code="a">RU</subfield>
    <subfield code="b">ProSoft-M</subfield>
    <subfield code="2">rusmarc</subfield>
  </datafield>
  <datafield tag="852" ind1=" " ind2=" ">
    <subfield code="a">NLR</subfield>
    <subfield code="j">37.56.6.336</subfield>
  </datafield>
  <datafield tag="899" ind1=" " ind2=" ">
    <subfield code="a">RuMoRGB</subfield>
    <subfield code="j">V 283/253</subfield>
  </datafield>
  <datafield tag="899" ind1=" " ind2=" ">
    <subfield code="a">RuMoRGB</subfield>
    <subfield code="j">J 89/455</subfield>
  </datafield>
  <datafield tag="942" ind1=" " ind2=" ">
    <subfield code="c">BOOK</subfield>
  </datafield>
  <datafield tag="980" ind1=" " ind2=" ">
    <subfield code="a">NB</subfield>
  </datafield>
  <datafield tag="995" ind1=" " ind2=" ">
    <subfield code="5">2013-10-26</subfield>
    <subfield code="b">NLR02</subfield>
    <subfield code="c">NLR02</subfield>
    <subfield code="e">RFS</subfield>
    <subfield code="f">5110032-10</subfield>
    <subfield code="k">37.56.6.336</subfield>
    <subfield code="o">0</subfield>
    <subfield code="r">BOOK</subfield>
    <subfield code="s">37566336_</subfield>
  </datafield>
</record>
